[Event "Queens-ch"]
[Site "Jamaica"]
[Date "2006.11.10"]
[Round "6"]
[White "Rice, Bradley"]
[Black "Francis, Marcus"]
[Result "1-0"]
[WhiteElo "1471"]
[BlackElo "1229"]
[PlyCount "87"]
[EventDate "2006.02.26"]
[EventType "swiss"]
[EventRounds "7"]
[EventCountry "USA"]
[SourceTitle "EXT 2008"]
[Source "ChessBase"]
[SourceDate "2007.11.25"]
[SourceVersion "1"]
[SourceVersionDate "2007.11.25"]
[SourceQuality "1"]

1. Nc3 c5 2. e4 g6 3. Bc4 e6 4. Nf3 Bg7 5. 0-0 Ne7 6. d4 cxd4 7. Nxd4 Nbc6 8. Be3 0-0 9. Qd2 Re8 10. Rad1 d5 11. Bb3 Na5 12. Ba4 Bd7 13. Ndb5 Nc4 14. Qc1 Nxe3 15. Qxe3 Bc6 16. Qg3 Nc8 17. Nc7 Bxa4 18. Nxa4 Ne7 19. Nxa8 Qxa8 20. f3 b6 21. Rfe1 d4 22. b3 e5 23. Nb2 b5 24. Nd3 Nc6 25. h4 Bh6 26. h5 Be3+ 27. Rxe3 dxe3 28. hxg6 fxg6 29. Re1 Kg7 30. a3 a6 31. f4 Qa7 32. Kh1 Qe7 33. b4 a5 34. Rxe3 axb4 35. axb4 Qa7 36. Nc5 Qa1+ 37. Kh2 Qd1 38. Rd3 Qh5+ 39. Kg1 exf4 40. Qxf4 Ne5 41. Rd6 Ng4 42. Re6 Ra8 43. Ra6 Rd8 44. Ne6+ 1-0